000 00259nam a2200109Ia 4500
008 230917s9999||||xx |||||||||||||| ||und||
040 _e191186
_aMAIN
041 _aEnglish
100 _aGoel, Shri Ram
245 0 _aVishwa ki prachin sabhyatayen
942 _cBK
999 _c185966
_d185966